Tratado de ciencia y tecnología de las hortalizas : producción, composición, almacenamiento y procesado /

Contenido: La patata; La batata; La yuca; La zanahoria; Otras raíces, tubérculos y rizomas; El tomate; El pimiento; La berenjena; El pepino y el melón; Calabazas, calabacines y calabazas indias; La col; La coliflor; El brécol; Otras crucíferas; La cebolla; El ajo; Otras aliáceas; Los guisantes; La j...

Whakaahuatanga katoa

I tiakina i:
Ngā taipitopito rārangi puna kōrero
Kaituhi matua: Salunkhe, D.K (autor)
Ētahi atu kaituhi: Kadam, S.S. (autor) (autor)
Hōputu: Pukapuka
Reo:Pāniora
I whakaputaina: Zaragoza, España : Acribia, 2004, c2003
Ngā marau:
Ngā Tūtohu: Tāpirihia he Tūtohu
Kāore He Tūtohu, Me noho koe te mea tuatahi ki te tūtohu i tēnei pūkete!

MARC

LEADER 00000nam^a2200000^a^4500
001 000183553
005 20250521000000.0
009 20260310102044.759
020 |a 84-200-1018-9 
037 |a Acervo ITESO - Biblioteca 
041 |a ESP 
082 |a 664. 805  |b SAL 
100 |a Salunkhe, D.K.  |e (autor) 
245 1 0 |a Tratado de ciencia y tecnología de las hortalizas :  |b producción, composición, almacenamiento y procesado /  |c D.K. Salunkhe, S.S. Kadam ; tr. por Orlando Pablo Vázquez Yáñez, Pilar Calo Nata. 
264 4 |a Zaragoza, España :  |b Acribia,  |c 2004, c2003 
300 |a XII, 739 p. 
336 |a texto  |b txt  |2 rdacontenido 
337 |a sin mediación  |b n  |2 rdamedio 
338 |a volumen  |b nc  |2 rdasoporte 
500 |a Traducción de: Handbook of Vegetable Science and Technology. Production, Composition, Storage, and Processing 
520 |a Contenido: La patata; La batata; La yuca; La zanahoria; Otras raíces, tubérculos y rizomas; El tomate; El pimiento; La berenjena; El pepino y el melón; Calabazas, calabacines y calabazas indias; La col; La coliflor; El brécol; Otras crucíferas; La cebolla; El ajo; Otras aliáceas; Los guisantes; La judía; Otras legumbres; La lechuga; El espárrago; Apio y otras hortalizas para ensaladas; Hortalizas de hoja; La okra (guino-gombo); Maíz dulce; Los hongos; Hortalizas menores; Las hortalizas Menores; Las hortalizas en la nutrición humana. 
649 |a XX 
650 |a Horticultura 
650 |a Verduras y Legumbres -  |x Conservación 
650 |a Verduras y Legumbres -  |x Composición 
650 |a Verduras y Legumbres -  |x Aspectos Económicos 
650 |a Industria Alimenticia 
650 |a Alimentos y Bebidas 
650 |a Tecnología de Alimentos 
700 |a Kadam, S.S.  |e (autor) 
910 |a Fondo General 
920 |a Impresos - Libros 
930 |a Colección General 
905 |a 101 
901 |a 0500124045  |b IT1  |c ACC  |u 20250521 
902 |a https://opac.biblio.iteso.mx/vufind/Record/000183553